Engineering software products: an introduction to modern software engineering

Сохранить в:
Библиографические подробности
Главный автор: Sommerville, Ian
Формат:
Опубликовано: Pearson
Метки: Добавить метку
Нет меток, Требуется 1-ая метка записи!

MARC

LEADER 00000nam a2200000Ia 4500
005 20260515061618.0
100 |a Sommerville, Ian, 
020 |a 9789353949471 
942 |c BK 
245 |a Engineering software products: an introduction to modern software engineering  
260 |b Pearson 
999 |c 71  |d 71 
952 |0 0  |1 0  |4 0  |7 0  |a ABDN  |b ABDN  |d 2026-05-15  |l 0  |p 000017  |r 2026-05-15 06:16:18  |w 2026-05-15  |y BK